[Event "Catalunya-chB"]
[Site "Spain"]
[Date "1996.11.17"]
[Round "7"]
[White "Espartero Porras, Pau"]
[Black "Carrillo Martinez, Lucas"]
[Result "1-0"]
[WhiteElo "1970"]
[BlackElo "1765"]
[PlyCount "57"]
[EventDate "1997.??.??"]
[EventType "swiss"]
[EventRounds "8"]
[EventCountry "ESP"]
[SourceTitle "EXT 2003"]
[Source "ChessBase"]
[SourceDate "2002.11.25"]
[SourceVersion "1"]
[SourceVersionDate "2002.11.25"]
[SourceQuality "1"]

1. d4 d6 2. c4 Bf5 3. Nc3 c6 4. e4 Bg6 5. Nf3 Bh5 6. Be2 Bxf3 7. Bxf3 Nd7 8. 0-0 e5 9. d5 c5 10. Be2 Ngf6 11. Rb1 a5 12. f4 exf4 13. Bxf4 Be7 14. Qc2 0-0 15. Rbd1 Re8 16. Nb5 Qb8 17. Bf3 Ne5 18. Bxe5 dxe5 19. d6 Bd8 20. Qf2 b6 21. g4 g5 22. h4 h6 23. hxg5 hxg5 24. Bg2 Kg7 25. Nc7 Bxc7 26. dxc7 Qxc7 27. Qxf6+ Kf8 28. Rd3 Rad8 29. Rh3 1-0